| 000 | 00611nam a22002177a 4500 | ||
|---|---|---|---|
| 999 |
_c6044 _d6044 |
||
| 003 | AR-CdUCM | ||
| 008 | 190313b ||||| |||| 00| 0 spa d | ||
| 040 |
_aMUNICIPALIDAD PROVINCIAL DEL CUSCO _cBIBLIOTECA MUNICIPAL DEL CUSCO |
||
| 082 |
_a869.503 / _bC35 |
||
| 100 |
_aCastro Arenas, Mario _94396 |
||
| 245 | _aEl líder / | ||
| 260 |
_aLima : _b Tawantinsuyu, _c1960. |
||
| 300 |
_a129 paginas ; _c16.5 cm. |
||
| 500 | _aDonación de la familia Nieto | ||
| 505 | _aNovela | ||
| 650 |
_aNovela peruana _91234 |
||
| 650 |
_aSiglo XX. _98 |
||
| 650 |
_aHistoria _9136 |
||
| 942 |
_2ddc _cLIBROS |
||
| 945 | _aacv | ||